Top 20 American Universities for Political Science - Statistics

General Stats
  • This quiz has been taken 92 times
  • The average score is 15 of 20
Answer Stats
Rank State/Territory Answer % Correct
2 MA Harvard University
96%
3 CT Yale University
93%
7 NY Columbia University
90%
9 PA University of Pennsylvania
88%
1 DC Georgetown University
87%
6 NJ Princeton University
87%
4 CA University of California Los Angeles
87%
13 IL University of Chicago
82%
5 CA Stanford University
80%
12 RI Brown University
79%
10 MI University of Michigan
78%
14 TN Vanderbilt University
76%
8 NH Dartmouth College
73%
18 NC Duke University
72%
19 FL Florida State University
71%
20 CA University of California Berkeley
68%
11 TX Rice University
63%
16 IN University of Notre Dame
63%
15 VA Washington and Lee University
33%
17 CA Pomona College
10%
No matching quizzes found
Score Distribution
Percent of People with Each Score
Percentile by Number Answered
Your Score History
You have not taken this quiz